[Event "Landesliga S9596 Bayern"]
[Site "Germany"]
[Date "1996.??.??"]
[Round "?"]
[White "Marschall, Josef"]
[Black "Wuerdinger, Alexander"]
[Result "1/2-1/2"]
[WhiteElo "2090"]
[BlackElo "2205"]

1.d4 Nf6 2.c4 g6 3.Nc3 d5 4.cxd5 Nxd5 5.e4 Nxc3 6.bxc3 Bg7 7.Nf3 O-O 8.Be2 c5
9.Rb1 Qc7 10.O-O Bg4 11.Be3 Nc6 12.Qa4 Rfd8 13.Rfd1 Rac8 14.d5 Na5 15.c4 b6
16.Qc2 Nb7 17.Ne1 Bxe2 18.Qxe2 Nd6 19.f3 Qd7 20.Qc2 b5 21.cxb5 Nxb5 22.Rb3 c4
23.Rb4 Nc3 24.Rd2 a5 25.Rb6 Na4 26.Rc6 c3 27.Rd3 Nb2 28.Rdxc3 Bxc3 29.Rxc3 Rxc3
30.Qxc3 Nd1 31.Qd2 Nxe3 32.Qxe3 Qa4 33.Qb6 Rc8 34.Kf2 Qxa2+ 35.Kg3 Qd2 36.Qb1 Qg5+
37.Kf2 Rc1 38.Qb8+ Kg7 39.Qb2+ Kh6 40.g3 Rc8 41.Nd3 Qf6 42.e5 Qa6 43.Qd4 Rc2+
44.Ke3 Rxh2 45.d6 exd6 46.exd6 Rh5 47.g4 Rb5 48.Ne5 Rxe5+ 49.Qxe5 Qb6+ 50.Kf4 f5
51.Qe7 Qd4+ 52.Kg3 Qg1+  1/2-1/2

[Event "BL2-O9596"]
[Site "Germany"]
[Date "1996.??.??"]
[Round "?"]
[White "Traudes, Wolfgang"]
[Black "Jasnikowski, Zbigniew"]
[Result "0-1"]
[WhiteElo "2235"]
[BlackElo "2435"]

1.d4 Nf6 2.c4 g6 3.Nc3 d5 4.cxd5 Nxd5 5.e4 Nxc3 6.bxc3 Bg7 7.Nf3 c5 8.Rb1 O-O
9.Be2 Qa5 10.O-O Qxa2 11.Bd2 Nd7 12.Qc1 Qa5 13.c4 Qc7 14.d5 e5 15.Rb3 Nf6
16.Bd3 Ne8 17.Bh6 f6 18.Ne1 Bd7 19.Bxg7 Kxg7 20.f4 exf4 21.Rxf4 Nd6 22.Rh4 Nf7
23.e5 fxe5 24.Be4 Qd8 25.Nf3 b6 26.d6 Rc8 27.Bd5 Qf6 28.h3 Be6 29.Bxe6 Qxe6
30.Ng5 Nxg5 31.Qxg5 Kg8 32.Re3 Qxd6 33.Rxe5 Rce8 34.Rhe4 Rxe5 35.Rxe5 Qd4+
36.Kh1 Rf1+ 37.Kh2 Qf4+  0-1

[Event "BL2-W9596"]
[Site "Germany"]
[Date "1996.??.??"]
[Round "?"]
[White "Galonska, Joern"]
[Black "Thiel, Thomas"]
[Result "0-1"]
[WhiteElo "2190"]
[BlackElo "2325"]

1.d4 Nf6 2.c4 g6 3.Nc3 d5 4.cxd5 Nxd5 5.e4 Nxc3 6.bxc3 Bg7 7.Bc4 O-O 8.Be3 c5
9.Ne2 cxd4 10.cxd4 Qa5+ 11.Bd2 Qa3 12.Rb1 Nc6 13.O-O Bg4 14.d5 b5 15.Bc1 Qc5
16.Bxb5 Ne5 17.Be3 Qa3 18.Qd2 a6 19.Rb3 Qd6 20.Bd3 f5 21.exf5 Nxd3 22.Rxd3 Bxf5
23.Rb3 Rfd8 24.Rd1 Rac8 25.Rb6 Qa3 26.Rb3 Qa4 27.Rb4 Qa3 28.Rb3 Qd6 29.Nc3 Rc4
30.Rc1 Rdc8 31.h3 a5 32.g3 Be4 33.Nxe4 Rxc1+ 34.Kg2 Qe5 35.Qd3 R8c4 36.Ng5 R4c3
37.Qa6 Rxe3 38.Qa8+ Bf8  0-1

[Event "BL2-N9697"]
[Site "Germany"]
[Date "1996.??.??"]
[Round "?.8"]
[White "Fuhrmann, Dirk"]
[Black "Stephan, Axel"]
[Result "0-1"]
[WhiteElo "2185"]
[BlackElo "2185"]

1.d4 Nf6 2.c4 g6 3.Nc3 d5 4.cxd5 Nxd5 5.e4 Nxc3 6.bxc3 Bg7 7.Bc4 O-O 8.Ba3 b6
9.Ne2 Bb7 10.Qd3 Nc6 11.Bd5 Qd7 12.O-O Rfd8 13.Rad1 e6 14.Bb3 Na5 15.Bc2 Qc6
16.f3 Nc4 17.Bc1 a5 18.f4 Nd6 19.d5 exd5 20.exd5 Qc5+ 21.Be3 Qc4 22.f5 Qxd3
23.Bxd3 Re8 24.Bf4 Be5 25.fxg6 hxg6 26.c4 Bxf4 27.Rxf4 Ba6 28.Rdf1 Re3 29.R1f3 Rae8
30.Kf2 R3e7 31.Nc3 Re1 32.h4 Rc1 33.Ne4 Nxe4+ 34.Bxe4 Rxc4 35.Bc2 Rxc2+ 36.Kg3 Re7
37.Rd3 Rxa2 38.d6 cxd6 39.Rxd6 Rb2  0-1

[Event "BL2-O9697"]
[Site "Germany"]
[Date "1996.??.??"]
[Round "?.2"]
[White "Stettler, Michael"]
[Black "Pribyl, Martin"]
[Result "1-0"]
[WhiteElo "2330"]
[BlackElo "2320"]

1.d4 Nf6 2.c4 g6 3.Nc3 d5 4.cxd5 Nxd5 5.e4 Nxc3 6.bxc3 Bg7 7.Be3 c5 8.Qd2 Qa5
9.Rc1 e6 10.Nf3 Nd7 11.Bd3 b6 12.O-O O-O 13.Bh6 Ba6 14.Bxa6 Qxa6 15.Bxg7 Kxg7
16.e5 cxd4 17.cxd4 Rac8 18.Ng5 Rxc1 19.Rxc1 Rc8 20.Rxc8 Qxc8 21.Qf4 Qe8 22.Ne4 Qe7
23.h4 h6 24.Nd6 Nb8 25.Qf3 Kf8 26.g3 a6 27.Qc3 Qd7 28.Qb4  1-0

[Event "BL2-S9697"]
[Site "Germany"]
[Date "1996.??.??"]
[Round "?.4"]
[White "Toth, Bela"]
[Black "Gauglitz, Gernot"]
[Result "1/2-1/2"]
[WhiteElo "2395"]
[BlackElo "2410"]

1.d4 Nf6 2.c4 g6 3.Nc3 d5 4.cxd5 Nxd5 5.e4 Nxc3 6.bxc3 Bg7 7.Bc4 c5 8.Ne2 cxd4
9.cxd4 Nc6 10.Be3 O-O 11.O-O Bg4 12.f3 Na5 13.Bxf7+ Rxf7 14.fxg4 Rxf1+ 15.Kxf1 Qd7
16.h3 Qe6 17.Qd3 Rd8 18.Kg1 Qc4 19.Qd2 Qa6 20.Qc2 Qc4 21.Rc1 b5 22.e5 Qxc2
23.Rxc2 Nc4 24.Bf2 Bh6 25.Nc3 a6 26.Ne4 Be3 27.Nc5 Rxd4 28.Nxa6 Rd1+ 29.Kh2 Bxf2
30.Rxf2 Re1 31.Nb4 Rxe5 32.Nd3 Re4 33.Nc5 Re3 34.Nb3 Rd3 35.Nc5 Rd6 36.Ne4 Rd8
37.Nc3 b4 38.Rf4 bxc3 39.Rxc4 Rd3 40.a4 Kf7 41.a5 Rd5 42.a6 Ra5 43.Rxc3 Rxa6
44.Rc5 Ke6 45.Rc8 Kf6 46.Rh8 Kg7 47.Re8 Ra7 48.g5 Rb7 49.Kg3 h5 50.gxh6+ Kxh6
51.h4 Kg7 52.Kf4 Kf7 53.Rh8 Rb4+ 54.Kg5 Rb5+ 55.Kf4 Rf5+ 56.Ke4 Rf1 57.g4 Kg7
58.Re8 Kf7 59.Rh8 Kg7  1/2-1/2

[Event "Oberliga Ost B9596"]
[Site "Germany"]
[Date "1996.??.??"]
[Round "?"]
[White "Kraai, Jesse"]
[Black "Peters, Andreas"]
[Result "1-0"]
[WhiteElo "2295"]
[BlackElo "2315"]

1.d4 Nf6 2.c4 g6 3.Nc3 d5 4.cxd5 Nxd5 5.e4 Nxc3 6.bxc3 Bg7 7.Bc4 c5 8.Ne2 O-O
9.Be3 Nc6 10.Rc1 cxd4 11.cxd4 Qa5+ 12.Kf1 Bd7 13.h4 Rfc8 14.h5 Nd8 15.f3 Ba4
16.Qd3 b5 17.Bd5 Rxc1+ 18.Bxc1 Rc8 19.hxg6 hxg6 20.Bh6 e6 21.Bxg7 Kxg7 22.Qe3 exd5
23.exd5 Qc7 24.Qh6+ Kf6 25.Qh4+ g5 26.Qh6+ Ke7 27.Qxg5+ Kd7 28.Qf5+ Ke7 29.Rh6 Bc2
30.Qf6+ Ke8 31.d6 Qb7 32.d5  1-0

[Event "BL2-N9596"]
[Site "Germany"]
[Date "1996.??.??"]
[Round "?"]
[White "Rogozenko, Dorin"]
[Black "Berndt, Stephan"]
[Result "1-0"]
[WhiteElo "2430"]
[BlackElo "2350"]

1.d4 Nf6 2.c4 g6 3.Nc3 d5 4.cxd5 Nxd5 5.e4 Nxc3 6.bxc3 Bg7 7.Nf3 c5 8.Rb1 O-O
9.Be2 cxd4 10.cxd4 Qa5+ 11.Bd2 Qxa2 12.O-O Nd7 13.Bb4 Nb6 14.Ra1 Qe6 15.Qb1 f5
16.e5 h6 17.Ra5 Rd8 18.Rc1 Kh7 19.Bd1 Qf7 20.Rc7 Nd5 21.Bb3 Be6 22.Bxd5 Rxd5
23.Rxe7 Qxe7 24.Bxe7 Rxa5 25.h4 b6 26.h5 Rd5 27.hxg6+ Kxg6 28.g4 Kf7 29.gxf5 Kxe7
30.fxe6 Rf8 31.Qh7  1-0

[Event "Bundesliga 9596"]
[Site "Germany"]
[Date "1996.??.??"]
[Round "?"]
[White "Rupp, Markus"]
[Black "Goetz, Ralph"]
[Result "1-0"]
[WhiteElo "2315"]
[BlackElo "2335"]

1.d4 Nf6 2.c4 g6 3.Nc3 d5 4.cxd5 Nxd5 5.e4 Nxc3 6.bxc3 Bg7 7.Bc4 O-O 8.Ne2 Nc6
9.O-O b6 10.Be3 Bb7 11.e5 Na5 12.Bd3 c5 13.Nf4 e6 14.Qg4 Nc6 15.Rad1 cxd4
16.cxd4 Nb4 17.Bb1 Nd5 18.Nxd5 Qxd5 19.f3 Qa5 20.h4 Bd5 21.Rf2 Rfc8 22.h5 Qa4
23.Re1 Rc4 24.Qg5 Rac8 25.Kh2 Rc3 26.hxg6 hxg6 27.Kg3 Qa3 28.Bd2 R3c4 29.Qh4 Qa4
30.Rh1 Bxe5+ 31.Bf4 Bxd4 32.Bxg6 Bxf2+ 33.Kxf2 Rc2+ 34.Bxc2 Qxc2+ 35.Kg3 Qg6+
36.Bg5 Qg7 37.Qg4 Rc2 38.Rh2 f5  1-0

[Event "Bundesliga 9596"]
[Site "Germany"]
[Date "1996.??.??"]
[Round "?"]
[White "Zeller, Frank"]
[Black "Mann, Christian"]
[Result "1/2-1/2"]
[WhiteElo "2400"]
[BlackElo "2445"]

1.d4 Nf6 2.c4 g6 3.Nc3 d5 4.cxd5 Nxd5 5.e4 Nxc3 6.bxc3 Bg7 7.Bc4 c5 8.Ne2 Nc6
9.Be3 O-O 10.Rc1 cxd4 11.cxd4 Qa5+ 12.Kf1 Bd7 13.h4 Rfc8 14.h5 e5 15.hxg6 hxg6
16.Qb3 Nd8 17.Bh6 Bxh6 18.Rxh6 Kg7 19.Qe3 Bb5 20.Qg5 Bxc4 21.Rxc4 Ne6 22.Rxg6+ fxg6
23.Qe7+ Kh6 24.Qh4+ Kg7 25.Qe7+ Kh6 26.Rxc8 Rxc8 27.Qh4+ Kg7 28.Qe7+ Kh6
29.Qxe6 Qd2 30.Qh3+ Kg7 31.Qd7+ Kh6 32.Qh3+  1/2-1/2

[Event "Landesliga N9596 Bayern"]
[Site "Germany"]
[Date "1996.??.??"]
[Round "?"]
[White "Delitzsch, Juergen"]
[Black "Gross, Stefan"]
[Result "1-0"]
[WhiteElo "2230"]
[BlackElo "2310"]

1.d4 Nf6 2.c4 g6 3.Nc3 d5 4.cxd5 Nxd5 5.e4 Nxc3 6.bxc3 Bg7 7.Nf3 O-O 8.Rb1 b6
9.Bc4 Bb7 10.Qe2 c5 11.O-O Nc6 12.Rd1 Qc7 13.Be3 Na5 14.Bd3 c4 15.Bc2 e6
16.h4 f5 17.h5 f4 18.Bc1 Qe7 19.hxg6 hxg6 20.Rb5 Bh6 21.Ne5 Ba6 22.Rb4 Qg5
23.Qg4 Qxg4 24.Nxg4 Bg7 25.e5 Nc6 26.Rb1 g5 27.Ba3 Rfd8 28.Be4 Bb7 29.f3 Rd7
30.Bd6 Na5 31.Bg6 Bd5 32.Kf2 Rxd6 33.exd6 Rd8 34.Rh1 Nb7 35.d7 Rxd7 36.Rh5 Nd6
37.Rxg5 Kf8 38.Ke2 b5 39.Ne5 Rb7 40.Rg4 a5 41.Rxf4+ Ke7 42.a3 b4 43.axb4 Nb5
44.Rf7+ Kd6 45.Kd2 Rxf7 46.Nxf7+  1-0

[Event "Landesliga N9596 Bayern"]
[Site "Germany"]
[Date "1996.??.??"]
[Round "?"]
[White "Koepf, Reinhard"]
[Black "Liepold, Stefan"]
[Result "0-1"]
[WhiteElo "1910"]
[BlackElo "2095"]

1.d4 Nf6 2.c4 g6 3.Nc3 d5 4.cxd5 Nxd5 5.e4 Nxc3 6.bxc3 Bg7 7.Bc4 c5 8.Ne2 cxd4
9.cxd4 Nc6 10.Be3 O-O 11.Rb1 Na5 12.Bd3 b6 13.h4 Bb7 14.h5 Rc8 15.hxg6 fxg6
16.d5 Nc4 17.Bd4 e5 18.Rb4 Qd6 19.Bc3 Ne3 20.fxe3 Rxc3 21.Nxc3 Qxb4 22.Qd2 Rc8
23.Nb5 Rc1+ 24.Ke2 Qxd2+ 25.Kxd2 Rxh1 26.Nxa7 Rg1 27.Bc4 Kf8 28.Nb5 Ba6  0-1

[Event "NRW-Liga II 9596"]
[Site "Germany"]
[Date "1996.??.??"]
[Round "?"]
[White "Ziegler, Ari"]
[Black "Weber, Peter"]
[Result "1-0"]
[WhiteElo "2335"]
[BlackElo "2215"]

1.d4 Nf6 2.c4 g6 3.Nc3 d5 4.cxd5 Nxd5 5.e4 Nxc3 6.bxc3 Bg7 7.Nf3 O-O 8.Be2 b6
9.O-O Bb7 10.Qd3 e6 11.Bg5 Qd7 12.Qe3 c5 13.Rad1 cxd4 14.cxd4 Nc6 15.Bh6 Qe7
16.Bxg7 Kxg7 17.Rd2 Rfd8 18.Rfd1 Rac8 19.h3 Rc7 20.h4 h6 21.g3 f5 22.exf5 gxf5
23.Rc1 Qd6 24.Qc3 Kh7 25.d5 exd5 26.Nd4 Rcc8 27.Nxf5 Qf8 28.Bd3 Kg8 29.Re1 d4
30.Qb3+ Kh8 31.Rde2 Nb4 32.Ne7  1-0

[Event "NRW-Liga II 9596"]
[Site "Germany"]
[Date "1996.??.??"]
[Round "?"]
[White "Titzhoff, Frank"]
[Black "Grimm, Sascha"]
[Result "0-1"]
[WhiteElo "2165"]
[BlackElo "2320"]

1.d4 Nf6 2.c4 g6 3.Nc3 d5 4.cxd5 Nxd5 5.e4 Nxc3 6.bxc3 Bg7 7.Nf3 c5 8.Rb1 O-O
9.Be2 cxd4 10.cxd4 Qa5+ 11.Bd2 Qxa2 12.O-O a5 13.Qc1 Qe6 14.Re1 Qxe4 15.Bc4 Qf5
16.Rb5 Qd7 17.Rd5 Qe8 18.Bh6 Bg4 19.Bxg7 Kxg7 20.Ne5 Be6 21.Bb5 Nc6 22.Rc5 Qd8
23.Bxc6 bxc6 24.Nxc6 Qd6 25.Qc3 f6 26.d5 Bxd5 27.Nxe7 Be6 28.Rc6 Qxe7 29.Rcxe6 Qb4
30.Qh3 Rf7 31.Qf3 Ra6 32.Re8 Raa7 33.h3 Rae7 34.R1xe7 Rxe7 35.Ra8 a4 36.Qc6 Re1+
37.Kh2 Qf4+  0-1

[Event "Landesliga Sued 9697 Bayern"]
[Site "Germany"]
[Date "1996.??.??"]
[Round "?"]
[White "Fischer, Johann"]
[Black "Lechtynsky, Jiri"]
[Result "1/2-1/2"]
[WhiteElo "2275"]
[BlackElo "2425"]

1.d4 Nf6 2.c4 g6 3.Nc3 d5 4.cxd5 Nxd5 5.e4 Nxc3 6.bxc3 Bg7 7.Bc4 c5 8.Nf3 Nc6
9.Be3 O-O 10.O-O cxd4 11.cxd4 Bg4 12.e5 e6 13.Rb1 Rc8 14.Be2 Qd7 15.Qa4 Rfd8
16.Rfd1 h6 17.Qb5 b6 18.Rbc1 Rc7 19.Qb2 Ne7 20.h3 Bxf3 21.Bxf3 Rxc1 22.Rxc1 Nf5
23.Bc6 Qe7 24.Be4 Nxe3 25.fxe3 h5 26.Qc3 Bh6 27.Bf3 Rd7  1/2-1/2

[Event "NRW-Liga I 9596"]
[Site "Germany"]
[Date "1996.??.??"]
[Round "?"]
[White "Scheffner, Axel"]
[Black "Gupta, Milon"]
[Result "1/2-1/2"]
[WhiteElo "2300"]
[BlackElo "2255"]

1.d4 Nf6 2.c4 g6 3.Nc3 d5 4.cxd5 Nxd5 5.e4 Nxc3 6.bxc3 Bg7 7.Be3 O-O 8.Qd2 c5
9.Nf3 Qa5 10.Rc1 cxd4 11.cxd4 Qxd2+ 12.Kxd2 Nc6 13.Bb5 f5 14.exf5 Bxf5 15.Rhd1 Be6
16.Bc4 Bxc4 17.Rxc4 Rad8 18.Ke2 e6 19.Ng5 Rfe8 20.Ne4 Rd5 21.Nc3 Rd7 22.Ne4 Rd5
23.Nc3 Rd7  1/2-1/2

[Event "Gleisdorf ch"]
[Site "Gleisdorf"]
[Date "1996.??.??"]
[Round "2"]
[White "Polz, W."]
[Black "Teuschler, A."]
[Result "1-0"]
[WhiteElo "2005"]
[BlackElo "1965"]

1.d4 Nf6 2.c4 g6 3.Nc3 d5 4.cxd5 Nxd5 5.e4 Nxc3 6.bxc3 Bg7 7.Nf3 O-O 8.Rb1 c5
9.Be2 Nc6 10.d5 Na5 11.Qd2 Bg4 12.O-O b6 13.h3 Bxf3 14.Bxf3 e6 15.Qc2 exd5
16.exd5 Qf6 17.c4 Rac8 18.Bb2 Qf4 19.Bxg7 Kxg7 20.Be2 Rfe8 21.Bd3 Re7 22.Rfe1 Rce8
23.Rxe7 Rxe7 24.Rd1 Qd6 25.Qd2 Qe5 26.Bf1 Rd7 27.Re1 Qf6 28.Re8 Nc6 29.Qe3 Nd4
30.Ra8 Re7 31.Qg3 Ne2+ 32.Bxe2 Rxe2 33.Rxa7 Qa1+ 34.Kh2 Re1 35.Qf3 Rh1+ 36.Kg3 Qe5+
37.Qf4 Qc3+ 38.Qf3 Qe5+ 39.Qf4 Qc3+ 40.Kg4 h5+ 41.Kg5  1-0

[Event "Goetzis op"]
[Site "Goetzis"]
[Date "1996.??.??"]
[Round "3"]
[White "Ferk, Martin"]
[Black "Kais, Edgar"]
[Result "1/2-1/2"]
[WhiteElo "1685"]
[BlackElo "2040"]

1.d4 Nf6 2.c4 g6 3.Nc3 d5 4.cxd5 Nxd5 5.e4 Nxc3 6.bxc3 Bg7 7.Bc4 c5 8.Ne2 O-O
9.O-O Nc6 10.Be3 Qc7 11.Rc1 Rd8 12.Qd2 Na5 13.Bb3 b6 14.f3 c4 15.Bc2 e5 16.Rfd1 Nb7
17.Qe1 Nd6 18.Qg3 Qe7 19.Bg5 f6 20.dxe5 fxg5 21.exd6 Qe5 22.Ba4 Bd7 23.Bxd7 Rxd7
24.Qxe5 Bxe5 25.Rd5 Re8 26.Rcd1 Kf7 27.g3 Re6 28.Nd4 Re8  1/2-1/2

[Event "Goetzis-B"]
[Site "Goetzis"]
[Date "1996.??.??"]
[Round "6"]
[White "Thoma, Robert"]
[Black "Feher, Gyula"]
[Result "0-1"]
[WhiteElo "2280"]
[BlackElo "2375"]

1.d4 Nf6 2.c4 g6 3.Nc3 d5 4.cxd5 Nxd5 5.e4 Nxc3 6.bxc3 Bg7 7.Bb5+ Bd7 8.Be2 c5
9.Nf3 cxd4 10.cxd4 Bc6 11.Qd3 O-O 12.O-O e6 13.Bf4 Nd7 14.Qe3 Nf6 15.Nd2 Re8
16.Rac1 Qe7 17.Rc2 Rad8 18.Bf3 h6 19.Bxh6 Bxh6 20.Qxh6 Rxd4 21.e5 Ng4 22.Bxg4 Rxg4
23.f3 Qh4 24.Qe3 Ra4 25.Rfc1 Qd4 26.Qxd4 Rxd4 27.Nc4 Red8 28.Ne3 Kf8 29.Ng4 R8d5
30.Kf2 Ra5 31.Rb2 Ke7 32.Kg3 Rad5 33.Rcc2 a5 34.Re2 Rc5 35.Re3 b5 36.a3 Rdc4
37.h4 Rc3 38.Rb3 Rxe3 39.Rxe3 Bd5 40.Nf6 b4 41.axb4 axb4 42.Nxd5+ exd5 43.Kg4 Ke6
44.f4 Rc3 45.Re1 b3 46.f5+ gxf5+ 47.Kf4 Rc4+ 48.Kg3 Rg4+ 49.Kh3 b2 50.h5 Rb4
51.Rb1 Kxe5 52.h6 Kf6  0-1

[Event "Koop Tjuchem op"]
[Site "Groningen"]
[Date "1996.??.??"]
[Round "1"]
[White "Leitao, Rafael"]
[Black "Gerard, Nicolas"]
[Result "0-1"]
[WhiteElo "2475"]
[BlackElo "2215"]

1.d4 Nf6 2.c4 g6 3.Nc3 d5 4.cxd5 Nxd5 5.e4 Nxc3 6.bxc3 Bg7 7.Nf3 c5 8.Rb1 O-O
9.Be2 Nc6 10.d5 Ne5 11.Nxe5 Bxe5 12.Qd3 Qc7 13.Bh6 Rd8 14.Qe3 e6 15.f4 Bh8
16.Bc4 Qa5 17.Rc1 b5 18.Be2 b4 19.O-O bxc3 20.Rfd1 exd5 21.exd5 Bf5 22.d6 c2
23.Rd5 Qc3 24.Qxc3 Bxc3 25.Rxf5 gxf5 26.Rxc2 Bd4+ 27.Kf1 Rxd6 28.Bg5 Rb8
29.Bc4 Rb2 30.Rxb2 Bxb2 31.Ke2 Bf6  0-1

[Event "Koop Tjuchem op"]
[Site "Groningen"]
[Date "1996.??.??"]
[Round "5"]
[White "Yermolinsky, Alex"]
[Black "Mikhalevski, Victor"]
[Result "1-0"]
[WhiteElo "2610"]
[BlackElo "2500"]

1.d4 Nf6 2.c4 g6 3.Nc3 d5 4.cxd5 Nxd5 5.e4 Nxc3 6.bxc3 Bg7 7.Be3 c5 8.Nf3 Qa5
9.Qd2 O-O 10.Rc1 Nd7 11.d5 Nf6 12.c4 Qxd2+ 13.Nxd2 b6 14.f3 e6 15.Be2 Ba6
16.e5 Ne8 17.dxe6 f6 18.Ne4 fxe5 19.Rd1 Nf6 20.Nd6 Ne8 21.e7 Nxd6 22.exf8=Q+ Bxf8
23.Bh6 Be7 24.Bg5 Kf7 25.h4 Nf5 26.Kf2 Nd4 27.Bd3 Rf8 28.Bxe7 Kxe7 29.h5 Kf6
30.hxg6 hxg6 31.Rh7 Rf7 32.Rdh1 Nc6 33.Rxf7+ Kxf7 34.Rh7+ Kf6 35.Rd7 Nb4
36.Ke3 Nxa2 37.Rd6+ Kf7 38.Ke4 Nb4 39.Kxe5 g5 40.Be4 Bxc4 41.Rd7+ Ke8 42.Rxa7 g4
43.fxg4 Bd3 44.g5 c4 45.g6 Bxe4 46.Kxe4 Kf8 47.Rc7 b5 48.Rb7 c3 49.Rxb5 c2
50.Rc5 Kg7 51.Kf5 Nd5 52.Kg5 Ne3 53.Rc8  1-0

[Event "Koop Tjuchem op"]
[Site "Groningen"]
[Date "1996.??.??"]
[Round "10"]
[White "Evseev, Denis"]
[Black "Avrukh, Boris"]
[Result "0-1"]
[WhiteElo "2395"]
[BlackElo "2500"]

1.d4 Nf6 2.c4 g6 3.Nc3 d5 4.cxd5 Nxd5 5.e4 Nxc3 6.bxc3 Bg7 7.Nf3 c5 8.Rb1 O-O
9.Be2 Nc6 10.d5 Ne5 11.Nxe5 Bxe5 12.Qd2 e6 13.f4 Bc7 14.O-O exd5 15.exd5 Ba5
16.Ba3 b6 17.Bb4 Bxb4 18.cxb4 Qd6 19.Rbc1 Bf5 20.bxc5 bxc5 21.Bf3 Rab8 22.Rc4 Rb4
23.Rfc1 Rxc4 24.Rxc4 Rb8 25.h3 Rb4 26.Qe2 Bd7 27.Rxb4 cxb4 28.Qc4 h5 29.Kf2 Qb6+
30.Kg3 a5 31.Qd3 Qd6 32.h4 a4 33.Qd4 Qe7 34.d6 Qe1+ 35.Kh2 Qxh4+ 36.Kg1 Qe1+
37.Kh2 h4 38.Bd5 Qg3+ 39.Kg1 Qc3 40.Qe4 Qc5+  0-1

[Event "Sachsen-ch"]
[Site "Gruenheide"]
[Date "1996.??.??"]
[Round "6"]
[White "Bielicki, Birke"]
[Black "Peters, Andreas"]
[Result "1/2-1/2"]
[WhiteElo "2095"]
[BlackElo "2315"]

1.d4 Nf6 2.c4 g6 3.Nc3 d5 4.cxd5 Nxd5 5.e4 Nxc3 6.bxc3 Bg7 7.Nf3 O-O 8.Rb1 c5
9.Be2 Nc6 10.d5 Bxc3+ 11.Bd2 Bxd2+ 12.Qxd2 Na5 13.h4 Bg4 14.h5 Bxf3 15.gxf3 e5
16.Qh6 g5 17.f4 exf4 18.Bg4 Qe7 19.Bf5 f6 20.d6 Qg7 21.Qxg7+ Kxg7 22.h6+ Kh8
23.O-O b6 24.Rfd1 Nc6 25.Rbc1 Rfd8 26.d7 Ne5 27.Rd6 Rf8 28.Rcd1 Rad8 29.Re6 Nf3+
30.Kf1 Nd4 31.Rxd4  1/2-1/2

[Event "Hallsberg opJ32"]
[Site "Hallsberg"]
[Date "1996.??.??"]
[Round "6"]
[White "Nilsson, Mattias"]
[Black "Ernst, Thomas"]
[Result "0-1"]
[WhiteElo "2145"]
[BlackElo "2390"]

1.d4 Nf6 2.c4 g6 3.Nc3 d5 4.cxd5 Nxd5 5.e4 Nxc3 6.bxc3 Bg7 7.Bb5+ c6 8.Ba4 b5
9.Bb3 b4 10.Be3 bxc3 11.Ne2 Ba6 12.e5 e6 13.Rc1 Nd7 14.Rxc3 c5 15.f4 O-O
16.dxc5 g5 17.Qd4 gxf4 18.Bxf4 Qa5 19.Bd2 Qc7 20.Rg3 Kh8 21.Rxg7 Kxg7 22.Qh4 Qxc5
23.Nd4 Qxe5+ 24.Kd1 Nf6 25.Bg5 Ne4  0-1

[Event "Hamburg HSK-B"]
[Site "Hamburg"]
[Date "1996.??.??"]
[Round "8"]
[White "Hegeler, Frank"]
[Black "Stephan, Axel"]
[Result "1/2-1/2"]
[WhiteElo "2285"]
[BlackElo "2185"]

1.d4 Nf6 2.c4 g6 3.Nc3 d5 4.cxd5 Nxd5 5.e4 Nxc3 6.bxc3 Bg7 7.Bc4 c5 8.Ne2 O-O
9.O-O Nc6 10.Be3 Bg4 11.f3 Na5 12.Bxf7+ Rxf7 13.fxg4 Rxf1+ 14.Kxf1 cxd4 15.cxd4 e5  1/2-1/2

[Event "HUN-chT1 9596"]
[Site "HUN"]
[Date "1996.??.??"]
[Round "7"]
[White "Vegh, Endre"]
[Black "Besztercsenyi, Tibor"]
[Result "1/2-1/2"]
[WhiteElo "2345"]
[BlackElo "2275"]

1.d4 Nf6 2.c4 g6 3.Nc3 d5 4.cxd5 Nxd5 5.e4 Nxc3 6.bxc3 Bg7 7.Bc4 c5 8.Ne2 cxd4
9.cxd4 Nc6 10.Be3 O-O 11.Rc1 Na5 12.Bd3 b6 13.Qd2 Bd7 14.Bh6 Rc8 15.h4 Rxc1+
16.Qxc1 f6 17.Bxg7 Kxg7 18.h5 g5 19.h6+ Kh8 20.O-O Qb8 21.e5 Be6 22.Qa3 Qd8
23.Rc1 Bd5 24.Ba6 Bc6 25.f3 Rg8 26.Qe3  1/2-1/2

[Event "HUN-chT1 9596"]
[Site "HUN"]
[Date "1996.??.??"]
[Round "9"]
[White "Wells, Peter K"]
[Black "Vegh, Endre"]
[Result "1/2-1/2"]
[WhiteElo "2530"]
[BlackElo "2345"]

1.d4 Nf6 2.c4 g6 3.Nc3 d5 4.cxd5 Nxd5 5.e4 Nxc3 6.bxc3 Bg7 7.Nf3 c5 8.Rb1 O-O
9.Be2 Nc6 10.d5 Bxc3+ 11.Bd2 Bxd2+ 12.Qxd2 Na5 13.h4 Bg4 14.h5 Bxf3 15.gxf3 e5
16.hxg6 fxg6 17.d6 b6 18.Qd5+ Kg7 19.Qxe5+ Qf6 20.Qh2 h5 21.Qg3 Rae8 22.d7 Re5
23.Rd1 Nc6 24.Rg1 Nd4 25.Kf1 Rd8 26.Rxd4 cxd4 27.Bd3 Rxd7 28.f4 Rc5 29.e5 Qc6
30.f5 Rc1+ 31.Ke2 Rc2+ 32.Kd1 Rc1+ 33.Ke2 Rc2+ 34.Kd1 Rc1+  1/2-1/2

[Event "HUN-chT1 9596"]
[Site "HUN"]
[Date "1996.??.??"]
[Round "11"]
[White "Dao Thien Hai"]
[Black "Vegh, Endre"]
[Result "1-0"]
[WhiteElo "2480"]
[BlackElo "2345"]

1.d4 Nf6 2.c4 g6 3.Nc3 d5 4.cxd5 Nxd5 5.e4 Nxc3 6.bxc3 Bg7 7.Bb5+ c6 8.Ba4 b5
9.Bb3 b4 10.Ne2 bxc3 11.Be3 Ba6 12.Rc1 Nd7 13.e5 Qa5 14.e6 fxe6 15.Bxe6 Rb8
16.O-O Rb2 17.Nxc3 Bxf1 18.Qf3 Kd8 19.Qxc6 Qc7 20.Qxc7+ Kxc7 21.Na4+ Kd6
22.Nxb2 Kxe6 23.Kxf1 Rb8 24.Nd3 Rb7 25.Rc6+ Kd5 26.Ra6 Bxd4 27.Ra5+ Ke4 28.Ra4 Kxd3
29.Rxd4+ Kc3 30.Rh4 Rb1+ 31.Ke2 Rb2+ 32.Kf3 Rxa2 33.Rxh7 Ne5+ 34.Kg3 a5 35.Rxe7 Nc4
36.Bc5 a4 37.Re6 Rb2 38.Rxg6 Rb5 39.Rc6 Ra5 40.h4 a3 41.Bxa3 Rxa3 42.h5 Kd4+
43.Kh4 Kd5 44.Rf6 Nd6 45.h6 Ne4 46.Rf8 Ra1 47.Kh5 Ra7 48.g4  1-0

[Event "HUN-chT1 9697"]
[Site "Hungary"]
[Date "1996.??.??"]
[Round "4"]
[White "Csiszar, Csaba"]
[Black "Dekic, Josip"]
[Result "1/2-1/2"]
[WhiteElo "2375"]
[BlackElo "2320"]

1.d4 Nf6 2.c4 g6 3.Nc3 d5 4.cxd5 Nxd5 5.e4 Nxc3 6.bxc3 Bg7 7.Bb5+ c6 8.Ba4 b5
9.Bb3 b4 10.Ne2 bxc3 11.Be3 Qa5 12.O-O Ba6 13.Re1 Nd7 14.Rc1 Rd8 15.Qc2 c5
16.Red1 Bxe2 17.Qxe2 cxd4  1/2-1/2

[Event "HUN-chT1 9697"]
[Site "Hungary"]
[Date "1996.??.??"]
[Round "6"]
[White "Wells, Peter K"]
[Black "Horvath, Csaba"]
[Result "1/2-1/2"]
[WhiteElo "2495"]
[BlackElo "2540"]

1.d4 Nf6 2.c4 g6 3.Nc3 d5 4.cxd5 Nxd5 5.e4 Nxc3 6.bxc3 Bg7 7.Nf3 c5 8.Rb1 O-O
9.Be2 cxd4 10.cxd4 Qa5+ 11.Bd2 Qxa2 12.O-O a5 13.Re1 Nc6 14.Qc1 Nxd4 15.Nxd4 Bxd4
16.Bc4 Qa4 17.Bb5 Qa2 18.Bc4  1/2-1/2

[Event "Imperia op"]
[Site "Imperia"]
[Date "1996.??.??"]
[Round "7"]
[White "Arlandi, Ennio"]
[Black "Sarno, Spartaco"]
[Result "0-1"]
[WhiteElo "2445"]
[BlackElo "2410"]

1.d4 Nf6 2.c4 g6 3.Nc3 d5 4.cxd5 Nxd5 5.e4 Nxc3 6.bxc3 Bg7 7.Bb5+ c6 8.Ba4 b5
9.Bb3 b4 10.Ne2 bxc3 11.Be3 Ba6 12.Rc1 Nd7 13.e5 Qa5 14.Qc2 c5 15.f4 O-O
16.Qxc3 Qb5 17.Qd2 Rfd8 18.Nc3 Qb8 19.d5 c4 20.Ba4 e6 21.Rb1 Qc8 22.Qf2 Qc7
23.O-O Qa5 24.dxe6 fxe6 25.Bd4 Nb6 26.Bd1 Nd5 27.Nxd5 exd5 28.Bxa7 Rxa7 29.Qxa7 Bf8
30.Kh1 Bc5 31.Qb8 Rxb8 32.Rxb8+ Kg7 33.Ra8 Qb6 34.f5 gxf5 35.Bc2 Bb7 36.Re8 Qc6  0-1

[Event "Ischia"]
[Site "Ischia"]
[Date "1996.??.??"]
[Round "5"]
[White "Sadler, Matthew"]
[Black "Tseitlin, Mark D"]
[Result "1-0"]
[WhiteElo "2600"]
[BlackElo "2545"]

1.d4 Nf6 2.c4 g6 3.Nc3 d5 4.cxd5 Nxd5 5.e4 Nxc3 6.bxc3 Bg7 7.Nf3 c5 8.Rb1 O-O
9.Be2 Qa5 10.O-O Qxa2 11.Bg5 Nd7 12.Bxe7 Re8 13.Bd6 cxd4 14.Nxd4 Nf6 15.f3 Nd5
16.Qd3 b6 17.Kh1 Bd7 18.Rfe1 Rac8 19.exd5 Bxd4 20.Ra1 Qb2 21.cxd4 Rc3 22.Qa6 Rce3
23.Be5 f6 24.Qb7 Bc8 25.Qc6 Rf8 26.d6 fxe5 27.d7 Bxd7 28.Bc4+ Kh8 29.Qd6 Rf5
30.Qxd7 a5 31.Qe6 Kg7 32.Qe7+ Kh6 33.Qh4+ Rh5 34.Qf6 Rf5 35.Qh4+ Rh5 36.Qe7 Rf5
37.Bg8 exd4 38.Qxh7+ Kg5 39.h4+ Kf6 40.Qh8+ Ke7 41.Rxe3+ Kd6 42.Rd1  1-0

[Event "ISR-chT"]
[Site "Israel"]
[Date "1996.??.??"]
[Round "1"]
[White "Greenfeld, Alon"]
[Black "Finkel, Alexander"]
[Result "1/2-1/2"]
[WhiteElo "2560"]
[BlackElo "2500"]

1.d4 g6 2.c4 Nf6 3.Nc3 d5 4.cxd5 Nxd5 5.e4 Nxc3 6.bxc3 Bg7 7.Nf3 c5 8.Rb1 O-O
9.Be2 Nc6 10.d5 Ne5 11.Nxe5 Bxe5 12.Qd2 e6 13.f4 Bc7 14.O-O exd5 15.exd5 Ba5
16.Rb3 b6 17.Qd1 Bd7 18.c4 Ba4 19.Bb2 Re8 20.d6 Bxb3 21.axb3 Rxe2 22.Qxe2 Qxd6
23.Rd1 Qxf4 24.h3 b5 25.Rf1 Qd6 26.Rd1 Qg3 27.Rd3 Qf4  1/2-1/2

[Event "ISR-chT"]
[Site "Israel"]
[Date "1996.??.??"]
[Round "2"]
[White "Sorkin, Igor"]
[Black "Shmuter, Leonid"]
[Result "0-1"]
[WhiteElo "2290"]
[BlackElo "2490"]

1.d4 Nf6 2.c4 g6 3.Nc3 d5 4.cxd5 Nxd5 5.e4 Nxc3 6.bxc3 Bg7 7.Nf3 O-O 8.Be2 b6
9.Ba3 c5 10.Rc1 Ba6 11.O-O e6 12.Nd2 Qd7 13.dxc5 Rd8 14.Nf3 Qc8 15.Qc2 Bxe2
16.Qxe2 bxc5 17.Rfd1 Rxd1+ 18.Rxd1 Nd7 19.h4 Qc6 20.Qd3 Nf6 21.e5 Ng4 22.Re1 h5
23.Qc4 Rc8 24.Bc1 Rd8 25.Bf4 Qb6 26.Qe2 Qa5 27.Qc2 c4 28.Nd2 Bxe5 29.Nxc4 Qxc3
30.Qxc3 Bxc3 31.Rc1 Bd4 32.Bg3 Rc8 33.Kf1 Be5 34.f4 Ne3+ 35.Ke2 Bxf4 36.Bxf4 Nxc4
37.Kd1 e5 38.Bg5 Kg7 39.Rc3 f6 40.Bc1 Rd8+  0-1